Bagai menyerah diri (Record no. 122115)

MARC details
000 -LEADER
fixed length control field 00825nam a2200277 i 4500
001 - CONTROL NUMBER
control field C2-0321705
003 - CONTROL NUMBER IDENTIFIER
control field PPAK
005 - DATE AND TIME OF LATEST TRANSACTION
control field 20180728120808.0
008 - FIXED-LENGTH DATA ELEMENTS--GENERAL INFORMATION
fixed length control field 130306s2012 my a|||| ||||| | may d
020 ## - INTERNATIONAL STANDARD BOOK NUMBER
International Standard Book Number 9789670133379
040 ## - CATALOGING SOURCE
Original cataloging agency PPAK
Language of cataloging eng
Transcribing agency PPAK
Description conventions rda
082 04 - DEWEY DECIMAL CLASSIFICATION NUMBER
Classification number 499.2386
Edition number 23
090 00 - LOCALLY ASSIGNED LC-TYPE CALL NUMBER (OCLC); LOCAL CALL NUMBER (RLIN)
Classification number (OCLC) (R) ; Classification number, CALL (RLIN) (NR) 499.2386
Feature heading WSU
Feature heading G
Classification number (OCLC) (R) ; Classification number, CALL (RLIN) (NR) 499.2386
Feature heading WSU
Feature heading K
100 0# - MAIN ENTRY--PERSONAL NAME
Personal name WS Uzala,
Relator term author
245 10 - TITLE STATEMENT
Title Bagai menyerah diri
264 #1 - PRODUCTION, PUBLICATION, DISTRIBUTION, MANUFACTURE, AND COPYRIGHT NOTICE
Place of production, publication, distribution, manufacture Bandar Baru Nilai, Negeri Sembilan :
Name of producer, publisher, distributor, manufacturer Media Ink Publishing ,
Date of production, publication, distribution, manufacture, or copyright notice 2012
300 ## - PHYSICAL DESCRIPTION
Extent 255 pages :
Other physical details illustrations ;
Dimensions 18 cm
336 ## - CONTENT TYPE
Source rdacontent
Content type term text
337 ## - MEDIA TYPE
Source rdamedia
Media type term unmediated
338 ## - CARRIER TYPE
Source rdacarrier
Carrier type term volume
490 1# - SERIES STATEMENT
Series statement Siri menepuk air di dulang
650 10 - SUBJECT ADDED ENTRY--TOPICAL TERM
Topical term or geographic name entry element Malay language - Readers - Juvenile fiction.
830 #0 - SERIES ADDED ENTRY--UNIFORM TITLE
Uniform title Siri menepuk air di dulang
942 ## - ADDED ENTRY ELEMENTS (KOHA)
-- dc
Koha item type Book
Holdings
Withdrawn Not for loan Current library Shelving location Date acquired Full call number Barcode Date last seen Koha item type
    Perpustakaan Alor Setar Pinjaman Dewasa 06/03/2013 499.2386 WSU A01420798 09/05/2018 Book
    Perpustakaan Alor Setar Pinjaman Kanak-kanak 06/03/2013 K 499.2386 WSU A01420797 09/05/2018 Book